| 000 | 01709cad a22002775a 4500 | ||
|---|---|---|---|
| 001 | L147511 | ||
| 008 | 090519s2003 xxk f s s000 0 eng d | ||
| 020 | _a0755935667 | ||
| 022 | 1 | _a0950-2254 | |
| 035 | _a(Sirsi) u147511 | ||
| 041 | 0 | _aeng | |
| 050 | 0 | 4 | _a347.4207 $2 18 |
| 100 | 1 | _aBrown, Alison P. | |
| 245 | 0 | 4 |
_aThe role of mediation in tackling neighbour disputes and anti-social behaviour _h[electronic resource] |
| 260 |
_aEdinburgh _bScottish Executive Social Research _c2003 |
||
| 505 | 2 | _aSummary -- Aims and objectives of study -- Mediation for neighbour disputes -- Legal measures -- Research methodology -- Results: mediation cases -- Results: legal action cases -- Costs of mediation and legal action -- Environmental health and police action -- Reasons for not participating in mediation -- Conclusion -- Abbreviations used in appendices -- Appendices | |
| 520 | _aExamines the costs and effectiveness of mediation and alternative approaches to dealing with disputes between neighbours, compared to legal remedies such as repossession and anti-social behaviour orders. Concludes that although mediation is not adequate to deal with serious anti-social behaviour, its cost effectiveness means that there is considerable scope to extend mediation in the area of neighbour disputes. | ||
| 521 | _aAdvanced | ||
| 651 | 4 |
_aScotland _y1999- |
|
| 690 | _aMANAGEMENT-DISPUTE AVOIDANCE, MANAGEMENT AND RESOLUTION-DISPUTE MANAGEMENT AND RESOLUTION | ||
| 700 | 1 | _aBarclay, Aileen | |
| 700 | 1 | _aSimmons, Richard | |
| 700 | 1 | _aEley, Susan | |
| 856 | 4 | 0 |
_uhttps://www.scotland.gov.uk/Publications/2003/09/17863/23796 _zView the report free of charge at www.scotland.gov.uk... |
| 942 | _n0 | ||
| 999 |
_c109594 _d109594 |
||